Quiz Pokémon en images - 3ème Génération - Statistiques

Statistiques générales
  • Ce quiz a été pris 138 fois
  • Le résultat moyen est 86 sur 135
Statistiques - réponses
Par images Réponse % Correct
Poussifeu
94%
Arcko
89%
Gobou
88%
Groudon
86%
Gardevoir
85%
Négapi
85%
Posipi
85%
Braségali
83%
Zigzaton
83%
Kyogre
82%
Solaroc
82%
Tarsal
82%
Latias
80%
Latios
80%
Rayquaza
80%
Chenipotte
78%
Ténéfix
78%
Absol
77%
Kirlia
77%
Registeel
77%
Regice
75%
Regirock
75%
Jirachi
74%
Rosélia
74%
Sharpedo
74%
Dynavolt
72%
Grahyèna
72%
Nirondelle
72%
Spoink
72%
Wailord
72%
Deoxys
71%
Drattak
71%
Galekid
71%
Galifeu
71%
Goélise
71%
Medhyèna
71%
Skitty
71%
Wailmer
71%
Bekipan
69%
Branette
69%
Mangriff
69%
Galeking
68%
Massko
68%
Méditikka
68%
Métalosse
68%
Obalie
68%
Camérupt
66%
Jungko
66%
Kraknoix
66%
Nénupiot
66%
Skelénox
66%
Tarinor
66%
Arakdo
65%
Balignon
65%
Barbicha
65%
Barpau
65%
Delcatty
65%
Draby
65%
Gloupti
65%
Laggron
65%
Lombre
65%
Lovdisc
65%
Ludicolo
65%
Séviper
65%
Altaria
63%
Cacnea
63%
Chuchmur
63%
Élecsprint
63%
Mysdibule
63%
Stalgamin
63%
Tropius
63%
Azurill
62%
Écrapince
62%
Galegon
62%
Libégon
62%
Milobellus
62%
Parecool
62%
Armulys
60%
Blindalys
60%
Chartor
60%
Linéon
60%
Okéoké
60%
Oniglali
60%
Pifeuil
60%
Tylton
60%
Brouhabam
58%
Flobio
58%
Monaflèmit
58%
Séléroc
58%
Terhal
58%
Avaltout
57%
Muciole
57%
Munja
57%
Tengalice
57%
Chamallot
55%
Chapignon
55%
Kaimorse
55%
Makuhita
55%
Métang
55%
Morphéo
55%
Ninjask
55%
Spinda
55%
Balbuto
54%
Cacturne
54%
Carvanha
54%
Grainipiot
54%
Papinox
54%
Polichombr
54%
Vigoroth
54%
Charmillon
52%
Charmina
52%
Coquiperl
52%
Téraclope
52%
Drackhaus
51%
Hélédelle
51%
Lilia
51%
Lumivole
51%
Ningale
51%
Vibraninf
51%
Barloche
49%
Colhomard
49%
Éoko
49%
Hariyama
49%
Ramboum
49%
Anorith
48%
Kaorine
48%
Phogleur
48%
Serpang
48%
Groret
46%
Kecleon
46%
Relicanth
46%
Armaldo
45%
Maskadra
45%
Vacilys
42%
Rosabyss
38%
Aucun quiz correspondant
Distribution des résultats
% des personnes avec chaque résultat
Percentile par nombre de réponses
Votre historique - résultats
Vous n’avez pas pris ce quiz